[Event "World Chess Cup 2005"]
[Site "Khanty-Mansiysk RUS"]
[Date "2005.11.27"]
[Round "1.1"]
[White "Harikrishna, Pentala"]
[Black "Yu, Shaoteng"]
[Result "1/2-1/2"]
[WhiteElo "2673"]
[BlackElo "2516"]
[PlyCount "140"]
[EventDate "2005.11.26"]

1. d4 e6 2. c4 Nf6 3. g3 d5 4. Nf3 Be7 5. Bg2 O-O 6. O-O dxc4 7. Qc2 a6 8. Qxc4
b5 9. Qc2 Bb7 10. Bd2 Be4 11. Qc1 Bb7 12. Bf4 Bd6 13. Nbd2 Nbd7 14. Nb3 Bd5 15.
Ne1 Qb8 16. Nd3 Qb6 17. Nbc5 Bxg2 18. Kxg2 Nxc5 19. dxc5 Bxf4 20. Qxf4 Qb7+ 21.
Kg1 Rad8 22. a4 Nd7 23. axb5 axb5 24. Ra5 Nb8 25. Nb4 Nc6 26. Nxc6 Qxc6 27. b4
Ra8 28. Rxa8 Rxa8 29. Rd1 h6 30. f3 Rc8 31. Kf2 Qe8 32. Rd3 Qc6 33. h4 Re8 34.
Qd4 Ra8 35. Qe5 f6 36. Qf4 h5 37. Qd2 e5 38. Rd8+ Rxd8 39. Qxd8+ Kh7 40. Qd3+
Kg8 41. Kg2 Qe8 42. Qd5+ Kh7 43. c6 Qb8 44. Qf7 Kh6 45. g4 hxg4 46. fxg4 Kh7
47. h5 Kh8 48. h6 Qg8 49. hxg7+ Qxg7 50. Qxg7+ Kxg7 51. Kf3 Kf7 52. Ke4 Ke6 53.
e3 f5+ 54. gxf5+ Kf6 55. Kd5 Kxf5 56. Kc5 Ke6 57. e4 Ke7 58. Kxb5 Kd6 59. Ka5
Kxc6 60. Ka6 Kd6 61. Kb5 Kd7 62. Kc5 c6 63. Kb6 Kd6 64. Ka7 Ke7 65. Kb7 Kd7 66.
Ka6 Ke6 67. Ka5 Kd7 68. Kb6 Kd6 69. Ka7 Ke7 70. Ka8 Ke8 1/2-1/2